Mód prežitia vedie k nespokojnosti: zastavenia nad výchovou 33

Bibliographic Details
Main Author: Lutherová, Viera (Author)
Format: Article
Language:Slovak
PhysicalDescription:Fotografie, obrázky
ISSN:1335-0919
Subjects:

MARC

LEADER 00000nab a2200000 4500
001 vtls012024267
003 SK-MaSNL
005 20260304171319.0
008 210421|2021 xo |||| || ||00 0|slo
015 |a SNBRB2021/04 
040 |a SPKCL  |b slo  |e rda 
041 |a slo  |b slo 
044 |a xo  |c SK 
072 7 |a 316.8  |x Manželstvo a rodina. Sexuálne vzťahy  |2 konspekt 
080 |a 316.8  |2 2011 
100 1 |a Lutherová, Viera  |4 aut  |9 1087323 
245 1 0 |a Mód prežitia vedie k nespokojnosti:  |b zastavenia nad výchovou  |n 33  |c Viera Lutherová 
300 |b Fotografie, obrázky 
336 |a text  |b txt  |2 rdacontent 
337 |a bez média  |b n  |2 rdamedia 
338 |a zväzok  |b nc  |2 rdacarrier 
650 0 7 |a rodinná výchova  |2 SNKPH  |9 66934 
650 0 7 |a rodina  |2 SNKPH  |9 4138 
650 0 7 |a rodičia a deti  |2 SNKPH  |9 63347 
773 0 |t Dieťa  |g Roč. XXVII, č. 4-5 (2021), s. 28-30  |x 1335-0919 
856 4 1 |a www.dieta.sk 
958 |a NB 
999 |c 2992733  |d 2994663